Luật đá cầu
Sparad:
| Institutionell upphovsman: | |
|---|---|
| Materialtyp: | Bok |
| Språk: | Vietnamese |
| Publicerad: |
H.
Thể dục thể thao
1999
|
| Ämnen: | |
| Taggar: |
Lägg till en tagg
Inga taggar, Lägg till första taggen!
|
| Thư viện lưu trữ: | Mạng thư viện Đại học Đà Nẵng |
|---|
| LEADER | 00925nam a2200313 4500 | ||
|---|---|---|---|
| 001 | 000013899 | ||
| 003 | 10246 | ||
| 005 | 20120326140305.0 | ||
| 008 | 120326s1999 viesd | ||
| 020 | |c 3500đ | ||
| 041 | 0 | |a vie | |
| 082 | |a 344 |b LUÂ | ||
| 110 | |a Ủy ban thể dục thể thao | ||
| 245 | 0 | |a Luật đá cầu | |
| 260 | |a H. |b Thể dục thể thao |c 1999 | ||
| 300 | |a 44 tr. |c 19 cm | ||
| 653 | |a Luật | ||
| 653 | |a Đá cầu | ||
| 910 | |a duyên | ||
| OWN | |a LSP | ||
| AVA | |a UDN50 |b LSP |d 344 LUÂ |e available |t Error 5001 Not defined in file expand_doc_bib_avail. |f 2 |g 0 |h N |i 0 |k 1 | ||
| 999 | |a From the UDN01 | ||
| AVA | |a UDN50 |b LSP |d 344 LUÂ |e available |t Error 5001 Not defined in file expand_doc_bib_avail. |f 2 |g 0 |h N |i 0 |k 1 | ||
| TYP | |a Monograph | ||
| TYP | |a Printed language | ||
| 980 | |a Mạng thư viện Đại học Đà Nẵng | ||